| 000 | 00491nam a2200193Ia 4500 | ||
|---|---|---|---|
| 005 | 20240823030709.0 | ||
| 008 | 240823s9999||||xx |||||||||||||| ||und|| | ||
| 020 | _a978-81-7371-614-0 | ||
| 041 | _aENGLISH | ||
| 082 | _A530.132 P8 | ||
| 100 | _aAvijit Lahiri | ||
| 245 | 0 | _aStatistical Mechanics: An elementary Outline | |
| 250 | _aI st | ||
| 260 |
_c2008 _b"University Press,Hyde" |
||
| 500 | _aYES | ||
| 650 |
_aStatistical Mechanics _bMechanical |
||
| 942 | _cBK | ||
| 999 |
_c189313 _d189313 |
||